| 000 | 00901nam a22002297a 4500 | ||
|---|---|---|---|
| 005 | 20120509160515.0 | ||
| 008 | 120509t xxu||||| |||| 00| 0 eng d | ||
| 010 | _aENG-105233 | ||
| 020 |
_a9788125045052 _c645.00 |
||
| 035 | _aEN-88766 | ||
| 037 | _bDBAD/PUB | ||
| 040 |
_aDPL _bEng |
||
| 082 | _a371.07125414 | ||
| 100 |
_946516 _aSengupta, Parna |
||
| 245 |
_aPedagogy for religion : _cby Parna Sengupta _bmissionary education and the fashioning of Hindus and Muslims in Bengal / |
||
| 260 |
_aNew Delhi _bOrient Blackswan _c2012 |
||
| 270 |
_a1/24 Asaf Ali Road _bNew Delhi _e110002 |
||
| 300 |
_ax,211p. _c22cm(Hb) |
||
| 500 | _aIncludes bibliographical references and index | ||
| 942 |
_2ddc _cEN _h371.07125414 _mSEN |
||
| 999 |
_c66391 _d66391 |
||